Clic Quel est le point bas de ces pays d'Europe (hors UE) ? - Statistiques

Statistiques générales
  • Ce quiz a été pris 5 fois
  • Le résultat moyen est 2 sur 23
Statistiques - réponses
Hint Extra Hint Réponse % Correct
Bosnie-Herzégovine 0 m Mer Adriatique
50%
Monaco 0 m Mer Méditerranée
50%
Turquie - 2.8 m Akyatan
25%
Albanie 0 m Mer Adriatique
25%
Azerbaïdjan - 28 m Mer Caspienne
25%
Norvège 0 m Mer du Nord / Mer de Barents / Mer de ***
25%
Ukraine 0 m Mer Noire
25%
Liechtenstein 429 m Bangserfeld
0%
Serbie 28 m Embouchure du Timok
0%
Biélorussie 90 m Fleuve Niémen
0%
Macédoine 50 m Fleuve Vardar
0%
Suisse 193 m Lac Majeur
0%
Moldavie 1 m Liman du Nistru
0%
Russie - 28 m Mer Caspienne
0%
Géorgie 0 m Mer Noire
0%
Islande 0 m Océan Atlantique / Océan Arctique
0%
Vatican 19 m Punto Itox
0%
Andorre 840 m Riu Runer
0%
Arménie 400 m Rivière Debed
0%
Royaume-Uni - 4 M The Fens
0%
Saint-Martin 55 m Torrente Ausa
0%
Monténégro 500 m Vallée de la Zeta
0%
Kazakhstan - 132 m Vpadina Kaundy
0%
Aucun quiz correspondant
Distribution des résultats
% des personnes avec chaque résultat
Percentile par nombre de réponses
Votre historique - résultats
Vous n’avez pas pris ce quiz